000 00432nam a2200181Ia 4500
001 22628
005 20260414150843.0
008 260414t2007||||xx |||||||||||||| ||spa||
041 _aESP
082 _a621.3822
_bM66
100 _aMitra, Sanjit K.
_eAUT
245 0 _aProcesamiento de señales digitales
_b
260 _c2007
300 _a955 páginas :
_ccm.
650 _aTCA
654 _aCET
942 _cLIB
_dJUS
_fJUS
_2ddc
_n
999 _c22628
_d22628